Statistics for Every Premier League Goalscorer for Newcastle United

Click here to take the quiz!

General Stats

  • This quiz has been taken 152 times
    (73 since last reset)
  • The average score is 61 of 162

Answer Stats

Player% Correct
Alan Shearer
96%
Alexander Isak
83%
Demba Ba
83%
Callum Wilson
78%
Andy Cole
76%
Kieran Trippier
76%
Miguel Almirón
76%
Papiss Cissé
72%
Les Ferdinand
70%
Michael Owen
70%
Matty Longstaff
69%
Sean Longstaff
69%
David Ginola
65%
Anthony Gordon
61%
Fabian Schär
61%
Joelinton
61%
Peter Beardsley
61%
Bruno Guimarães
59%
Ayoze Pérez
57%
Chris Wood
57%
Dan Burn
57%
Fabricio Coloccini
57%
Joey Barton
57%
Sammy Ameobi
57%
Shola Ameobi
57%
Warren Barton
57%
Andy Carroll
56%
Allan Saint-Maximin
54%
Cheick Tioté
54%
Jamaal Lascelles
54%
Joe Willock
54%
Kevin Nolan
54%
Stephen Carr
54%
Ciaran Clark
52%
Kieron Dyer
52%
Lee Clark
52%
Faustino Asprilla
50%
Jacob Murphy
50%
John Barnes
50%
Jonjo Shelvey
50%
Laurent Robert
50%
Rob Lee
50%
Ryan Taylor
50%
Steven Taylor
50%
Yohan Cabaye
50%
Duncan Ferguson
48%
Keith Gillespie
48%
Philippe Albert
48%
Craig Bellamy
46%
Damien Duff
46%
Gary Speed
46%
James Milner
46%
Jonás Gutiérrez
46%
Nolberto Solano
46%
Obafemi Martins
46%
Scott Parker
46%
Darren Peacock
44%
Hatem Ben Arfa
44%
Georginio Wijnaldum
43%
Lee Bowyer
43%
Matt Ritchie
43%
Steve Howey
43%
Steve Watson
43%
John Beresford
41%
Moussa Sissoko
41%
Ruel Fox
41%
Salomón Rondón
41%
Jermaine Jenas
39%
Lomana LuaLua
39%
Mathieu Debuchy
39%
Patrick Kluivert
39%
Ryan Fraser
39%
Aaron Hughes
37%
Andy O'Brien
37%
Javier Manquillo
37%
Paul Dummett
37%
Dwight Gayle
35%
Jon Dahl Tomasson
35%
Loïc Rémy
35%
Mark Viduka
35%
Mike Williamson
35%
Paul Kitson
35%
Robbie Elliott
35%
Titus Bramble
35%
Andros Townsend
33%
Daryl Janmaat
33%
DeAndre Yedlin
33%
Federico Fernández
33%
Isaac Hayden
33%
Temuri Ketsbaia
33%
Yoan Gouffran
33%
Aleksandar Mitrović
31%
Barry Venison
31%
David Batty
31%
Gabriel Obertan
31%
Jack Colback
31%
Nicky Butt
31%
Peter Løvenkrands
31%
Andreas Andersson
30%
Emre Belözoğlu
30%
Leon Best
30%
Nikos Dabizas
30%
Charles N'Zogbia
28%
Christian Atsu
28%
Dietmar Hamann
28%
Emil Krafth
28%
Olivier Bernard
28%
Scott Sellars
28%
Vurnon Anita
28%
Abdoulaye Faye
26%
Amdy Faye
26%
Andy Griffin
26%
Carl Cort
26%
Darren Ambrose
26%
Danny Guthrie
24%
Jeff Hendrick
24%
Stéphane Guivarc'h
24%
Clarence Acuña
22%
Didier Domi
22%
Paul Bracewell
22%
Rémy Cabella
22%
Stephen Glass
22%
Xisco
22%
Alain Goma
20%
Geremi
20%
Hugo Viana
20%
Joselu
20%
Laurent Charvet
20%
Louis Saha
20%
Michael Chopra
20%
Siem de Jong
20%
Sylvain Marveaux
20%
Alex Mathie
19%
Antoine Sibierski
19%
Christian Bassedas
19%
Habib Beye
19%
Kenedy
19%
Malcolm Allen
19%
Mohamed Diamé
19%
Rolando Aarons
19%
Alessandro Pistone
17%
Dan Gosling
17%
David Edgar
17%
Marc Hottiger
17%
Albert Luque
15%
Caçapa
15%
Florian Lejeune
15%
Jetro Willems
15%
Steven Caldwell
15%
Valentino Lazaro
15%
Yoshinori Mutō
15%
Daniel Cordone
13%
James Perch
13%
Kevin Gallacher
13%
Paul Huntington
13%
Emmanuel Rivière
11%
Gaël Bigirimana
11%
Mikel Merino
11%
Paul Dalglish
9%
Hélder
7%
Henri Saivet
7%
Diego Gavilán
4%

Score Distribution

Percentile by Number Answered

Percent of People with Each Score

Your Score History

You have not taken this quiz since the last reset